000 00280nam a22001097a 4500
008 240710b |||||||| |||| 00| 0 eng d
100 _aPremdas, Bharamchari
_916762
245 _aJagat Guru Vivekanand
260 _aBombay:
_bLok Sewa Mandal;
_c1964.
300 _a280p.
942 _cBK
999 _c39890
_d39890